000 00816 a2200241 4500
005 20240229144007.0
008 080924t xxu||||| |||| 00| 1aeng d
010 _aENG-91128 ENG-139403
020 _c300.00
035 _aEN-74661
035 _a EN-122935
037 _bDBAD / PUB
040 _adpl
_bEnglish
082 _a954.00495
100 _aChatterji, Suniti Kumar
_962101
245 _aKirata-Jana-Krti:
_cby Suniti Kumar Chatterji
_bthe Indo-mongoloids:their contribution to the history and culture of India /
260 _aKolkata
_bThe Asiatic Society
_c2007(repr.).
270 _a1 Park Street,
_bKolkata
_e700016
300 _axxii, 187 p.
_c23cm. (Hb)
650 _aMangoloid race
_zIndia
_962102
651 _aIndia
_xHistory
_962103
942 _adpl
_cEN
_2ddc
_mCHA
_h954.00495
999 _c16200
_d16200